00708nam a22002297a 45000010005000000030006000050050017000110080041000280200018000690400029000870500008001160820008001241000027001322450105001592600047002643000048003115050008003595210029003675210020003967000029004167000033004457583FISKH20250724150939.0250724b cb ||||| |||| 00| 0 eng d a9788120740617 aFISKHbengcFISKHdFISKH aPZ7 a590 aSteel, Michael Anthony aSuperpet ! /bKrypto the superdog / cBy Michael Anthony Steele : Art by Min S. Ku and David Tanguay aNew-Delhi :bSterling Publishers , c2008. a24 pages : bcolor illustrations ;c22 cm . aG 8 a400 bLexile estimate 8 aG bRaz-Plus  aKu, Min S.eIllustrator  aTanguay, DavideIllustrator